00870nam a2200241 a 4500001000800000005001700008008004100025041000800066044000700074050002400081100002700105245005500132260004400187300004900231440013100280500001000411500003100421650002100452902000800473942001100481999001500492952012100507BRL_49720190320210754.0210813s1962----gw-abo####---#000-0#ger-# ager agw 4aN5305b.K86 14 19621 aSpeiser, Werner92411210aChinabGeist und Gesellschaftcvon Werner Speiser. aGermanybHolle-Verlag Baden-Badenc1962 a270 p.bil. (algunas a color), mapasc23 cm. 0aKunst der Welt; ihre geschichtlichen, soziologischen und religiösen GrundlagenpDie aussereuropäischen Kulturenv14924113 aAu522 aBibliografía: p. 259-26114aArte chino97252 aGRL 2lcccB c9309d9309 00104070aBRLbBRLd2013-08-21iAu522l0oN5305 .K86 14 1962 (Au522)pGRL00546r2019-03-22 00:00:00w2019-03-22yB